|
|
|
|
| LEADER |
02459cam a2200433 i 4500 |
| 001 |
45116 |
| 003 |
BD-DhAAL |
| 005 |
20251124141501.0 |
| 008 |
251124p20172013bg b 100 0 eng d |
| 010 |
|
|
|a 2014355432
|
| 020 |
|
|
|a 9789849020646
|
| 025 |
|
|
|a B-E-2014-355432; 21-91
|
| 035 |
|
|
|a 18198013
|
| 037 |
|
|
|b Library of Congress -- New Delhi Overseas Office
|
| 040 |
|
|
|a DLC
|b eng
|c DLC
|e rda
|d BD-DhAAL
|
| 042 |
|
|
|a lcode
|a pcc
|
| 043 |
|
|
|a a-bg---
|
| 050 |
0 |
0 |
|a DS395.5
|b .I537 2013
|
| 082 |
|
|
|a 954.92051
|2 23
|
| 111 |
2 |
|
|a International Conference on Bangladesh Genocide and the Issue of Justice
|d (2013 :
|c University of Heidelberg)
|9 59887
|
| 245 |
1 |
0 |
|a Bangladesh genocide and the issue of justice :
|b papers presented in the International conference held at Heidelberg University, Germany, 4 - 5 July, 2013 /
|c edited by Mofidul Hoque, Umme Wara.
|
| 260 |
|
|
|a Dhaka :
|b Liberation War Museum,
|c 2013
|g (2017 printing)
|
| 300 |
|
|
|a 147 pages, 1 unnumbered page ;
|c 25 cm
|
| 500 |
|
|
|a First published : 2013
|
| 504 |
|
|
|a Includes bibliographical references.
|
| 520 |
|
|
|a Contributed papers, presented at a conference held at Heidelberg University, organized by South Asia Institute, Heidelberg University, South Asia Democratic Forum, Brussels, Belgium, Liberation War Museum, Bangladesh.
|
| 541 |
1 |
|
|a Complimentary copy from Professor Afsan Chowdhury, Department of English and Humanities, BRAC University
|e 45116
|
| 650 |
|
0 |
|a Bangladesh
|x History
|y Revolution, 1971
|x Atrocities
|v Congresses.
|9 59888
|
| 650 |
|
0 |
|a Trials (Genocide)
|z Bangladesh
|v Congresses.
|9 59884
|
| 655 |
|
7 |
|a Conference papers and proceedings.
|2 lcgft
|
| 700 |
1 |
|
|a Hoque, Mofidul,
|e editor.
|9 59875
|
| 700 |
1 |
|
|a Wara, Umme,
|e editor.
|9 59889
|
| 710 |
2 |
|
|a University Heidelberg.
|b South Asia Institute,
|e host institution,
|e organizer.
|9 59890
|
| 710 |
2 |
|
|a South Asia Democratic Forum,
|e organizer.
|9 59891
|
| 710 |
2 |
|
|a Liberation War Museum (Dhaka, Bangladesh),
|e organizer.
|9 59881
|
| 852 |
1 |
|
|a Ayesha Abed Library
|c Liberation War Corner
|
| 942 |
|
|
|2 ddc
|c BK
|
| 999 |
|
|
|c 47652
|d 47652
|
| 952 |
|
|
|0 0
|1 0
|2 ddc
|4 0
|6 954_920510000000000_BAN
|7 0
|9 78537
|a BRACUL
|b BRACUL
|c BNC
|d 2025-11-24
|e Complimentary copy from Professor Afsan Chowdhury, Department of English and Humanities, BRAC University
|g 400.00
|l 0
|o 954.92051 BAN
|p 3010045116
|r 2025-11-24
|t 1
|v 800.00
|w 2025-11-24
|y BK
|x Complimentary copy from Professor Afsan Chowdhury, Department of English and Humanities, BRAC University
|